Gaming Quiz

Random Gaming Quiz
Score 0/81 Timer 15:00
0 Plays Today
Hint Answer % Correct
A returning tribe of famous good guys and CandiceHeroes
67.6%
A returning tribe of famous bad guys and DanielleVillains
67.2%
The season's name spelled backwards, I **** you notNobag
62.1%
A castaway's mother's name spelled backwardsEnil Edam
61.4%
English sea captain, privateer, navigator, slaver, and politician of the Elizabethan eraDrake
57.6%
Native word for 'Kangaroo'Kucha
55.9%
Flying DragonFei Long
50.7%
A castaway's wife's stuffed animalMurlonio
48.3%
Fighting TigerZhan Hu
46.9%
Complaint about the weather originally slated to contain a swear wordDangrayne
46.9%
The Samoan island all of the Samoa seasons took place onUpolu
46.6%
First syllable of one tribe, last two syllables of another tribe, last word from a third tribeChaboga Mogo
45.9%
Hello HelloBula Bula
45.5%
Black fighting windHae Da Fung
42.8%
Describes how apparently opposite or contrary forces are actually complementarYin Yang
41.7%
MonkeyMatsing
41.7%
SwordEspada
41%
Four Panamanian isles from the area of the seasonCasaya
40.3%
FlowerLa Flor
40.3%
FreedomLibertad
40.3%
Local volcanoesYasur
40%
The first syllable of one tribe, the last two of another. Contains a hashtagHuyopa
40%
Four more f**king native isles, often abbreviated into the first or last four lettersAitutaki
38.3%
A Malaysian BeachTagi
37.9%
GypsiesGitanos
37.9%
Corruption of the local word for StrengthForza
37.6%
The first syllable of one tribe, the last two of another tribe, and the last of a third tribeSolarrion
37.2%
Hint Answer % Correct
Sacred allegiance to the sunSoliantu
36.9%
People of fireAlinta
36.6%
RoosterTandang
35.9%
Water buffaloKalabaw
35.2%
Has a popular rum brand named after itMorgan
34.8%
Islands in the lake NicaraguaZapatera
34.8%
Native word for 'Alligator'Ogakor
34.5%
Native word for alligator, from same season as storkJacare
32.1%
A species of palm and an extra letterRattana
30.7%
First word of one tribe, second word of another tribeChuay Jai
30.3%
Last syllables of both tribe namesXhakum
30%
Portmanteau of the first two syllables and last two syllables of the two surviving tribes of a seasonAitutonga
30%
Three Panamanian isles from the area of the seasonChapera
29%
Native fish species, from same season as storkTambaqui
28.6%
Endemic species of fishBarramundi
27.6%
Extended FamilyAiga
26.6%
Year of the godTikiano
25.5%
Another Samoan islandManono
24.5%
Native stork speciesJaburu
24.1%
A Nilotic people related to yet distinct from the MasaiSamburu
23.8%
Together as one, or, the default name after an attempt to name it after a Lisi Linares song failedKasama
22.1%
Orcish for 'Yes'Dabu
19.7%
A Bantu ethnic groupKota
18.6%
Happy heartSook Jai
17.9%
The national capital of the locationKoror
17.6%
KillRavu
17.6%
Trumpet ShellFoa Foa
17.6%
Hint Answer % Correct
Local god of ThunderCoyopa
17.6%
One of the hero twins of local mythologyHunahpu
17.6%
SpearMoto
17.2%
Largest island in the nation where the namesake province is located, along with the nation's capitolLuzon
17.2%
Local word for windRotu
15.5%
Local word for rainMaraamu
15.5%
A local pastoralist ethnic groupBoran
14.5%
RespectGalang
14.5%
DestinyTadhana
14.1%
Ocean WaveGalu
13.8%
Helping one anotherChuay Gahn
13.1%
Blue-green waterYaxha
12.8%
The biggest landmass in Polynesia outside Hawaii and New ZealandSavai'i
12.1%
Part of the Beti-Pahuin peoplesFang
11.7%
Two locations in the area, but often devolved into names that describe the groupAirai
9.7%
A state park in the eastern part of the countryJalapao
9%
A local surfing resortSalani
8.3%
A local barangayBikal
7.9%
A town at the southern end of the native provinceSolana
7.9%
A local resort in the season's municipality Gota
6.9%
House of the potNakum
6.6%
A local tribal dialectTimbira
6.6%
A town at the mouth of the native riverAparri
6.6%
A capital city of the nationMasaya
6.2%
A local dive siteUlong
5.9%
A local private reserveEscameca
4.8%
A local municipality Nagarote
4.1%
Remove Ads.
Support Sporcle.
Get the best of Sporcle when you Go Orange. This ad-free experience offers more features, more stats, and more fun while also helping to support Sporcle. Thank you for becoming a member.

You're not logged in!

Compare scores with friends on all Sporcle quizzes.
OR
Log In

Show Comments

Extras

Top Quizzes Today


Score Distribution

Your Account Isn't Verified!

In order to create a playlist on Sporcle, you need to verify the email address you used during registration. Go to your Sporcle Settings to finish the process.

Report this User

Report this user for behavior that violates our Community Guidelines.

Details: